Регионална библиотека "Любен Каравелов" - Русе

Географските тестове (Запис номер 137266)

MARC детайли
000 -Лидер
Контролно поле с фиксирана дължина 01520nam a2200361 c 4500
003 - Код на организацията, давaща контролен номер
Контролно поле BLK
005 - Дата и час на последна редакция
Контролно поле 20200312130118.0
008 - Елементи от данни с фиксирана дължина
fixed length control field 180409b bul|||||r ||||||| ||bul||
010 ## - Наследен системен номер
LC control number KNG00143232000
020 ## - Международен стандартен номер на книга ISBN
Международен стандартен номер на книга ISBN 978-954-8630-46-7
040 ## - Източник на каталожния запис
Идентификатор на билиотеката - собственик на записа BLK
041 ## - Код за език
Код за езика на текст/звукозапис или на отделно заглавие Български
Код за езика КДБФ Български
072 #7 - Код за тематичната категория
Код организация bullib
Код за тематична категория Н91
Текст География Н
080 ## - УДК
Текстов определител УДК География на Европа
УДК код - определител по УДК 913(4)
УДК определител (079)(075)
УДК - код + определител 913(4)(079)(075)
100 1# - Редна дума - Автор
Автор Иванов, Анко Илиев
Авторска отговорност първи автор
R(LIN) 253907
139 ## - Редно поле
Редна дума Иванов, Анко Илиев
Авторски знак Иванов - И 21
245 10 - Сведения за заглавието
Заглавие Географските тестове
Подзаглавни данни Същност, специфика и практика на геогр. тестиране : Уч. помагало за учители, кандидат-студенти и студенти
Редно поле (дума) Анко Илиев Иванов.
257 ## - Страна на издаване
Страна на създаване/издаване България
260 ## - Област на издателските данни
Име на издателя, разпространителя и проч. Делфи
Година на издаване 2012
Печатница Перник : Съперник-98
300 ## - Физическа характеристика
Страници 296 с.
Илюстрации и др. с ил., к.
Размери/Мащаб 24 см
380 ## - Жанр
Жанр География
500 ## - Общи забележки
Забележка Кратък речник по тестология. - Библиогр. с. 292-295.
650 #4 - Допълнително описание по предмет – тема
Основно описание – тема или топоним География - тестове - учебници и учебни помагала
9 (RLIN) 325764
653 ## - Ключова дума – ненормативна
Ключова дума география
653 ## - Ключова дума – ненормативна
Ключова дума тестове
653 ## - Ключова дума – ненормативна
Ключова дума учебници
659 ## - Тематичен бюлетин
Тематичен бюлетин Н
852 ## - Местоположение
Форматна сигнатура Цб 259585
856 4# - Електронен адрес и достъп
Електронен формат pdf - файл
856 4# - Електронен адрес и достъп
Електронен формат pdf - файл
999 ## - СИСТЕМНИ КОНТРОЛНИ НОМЕРА
Koha biblionumber 137266
Koha biblioitemnumber 137266
942 ## - АРТИКУЛИ
Вид на библиотечния материал Книги
Скрит в OPAC Не
Koha issues (borrowed), all copies 1
Периодичен библиозапис Да
944 ## - СЪЗДАВАНЕ И РЕДАКЦИЯ на ЗАПИСА
Създаване/Редакция Създаване
Дата на регистрацията/редакция 29.05.2013
Статус, дата на статуса ф /
Служител, извършил регистрацията/редакцията Пенка_Димитрова
944 ## - СЪЗДАВАНЕ И РЕДАКЦИЯ на ЗАПИСА
Създаване/Редакция Редакция
Дата на регистрацията/редакция 04.10.2013
Статус, дата на статуса ф /
999 ## - СИСТЕМНИ КОНТРОЛНИ НОМЕРА
Koha biblioitemnumber 137266
Наличности
Код за отписване Код за изгубен артикул Източник на класификационната схема Код за повреда Коз за рестрикции Код за отдаване Артикулен № Име на библиотеката - собственик Име на библиотеката, в която се намира в момента Статус (Текущо местоположение) Дата на вписване в системата Местоположение - отдел Цена в лева Инвентарен номер Систематично азбучна сигнатура Баркод Номер на екземпляра Цена в евро Служебна бележка Служебен тип на артикула
  Не е изгубен Universal Decimal Classification Не е повреден без рестрикции заемане за дома 224501 Регионална библиотека "Любен Каравелов" Русе Регионална библиотека "Любен Каравелов" Русе Заемна - подръчен фонд 2013-06-05 Заемна - подръчен фонд 18.00 120000766582 913(4)/И 21 120000766582 1 9.20 Дост: DA Вид: А N: 10 Дата: 02.06.2013 Дата инв: 07.02.2018 Бележки инв: П2018 Книги
  Не е изгубен   Не е повреден без рестрикции ползва се в читалня 224502 Регионална библиотека "Любен Каравелов" Русе Регионална библиотека "Любен Каравелов" Русе Хранилище 2013-10-04 Хранилище 18.00 120000770115 Цб 259585 120000770115 2 9.20 Дост: Dp Вид: Д N: 31 Дата: 30.07.2012 Книги
Vip Innovations Ltd, Rousse, Bulgaria 2025